Analýza finančných trhov
Gespeichert in:
| 1. Verfasser: | |
|---|---|
| Körperschaft: | |
| Weitere Verfasser: | , |
| Format: | Buch |
| Sprache: | Slowakisch |
| Veröffentlicht: |
Bratislava
Sprint
2006
|
| Ausgabe: | 2. rozšírené a prepracované vydanie |
| Schlagworte: | |
| Tags: |
Keine Tags, Fügen Sie das erste Tag hinzu!
|
MARC
| LEADER | 00000nam$a2200000$$$4500 | ||
|---|---|---|---|
| 001 | 0049106 | ||
| 005 | 20240502071550.8 | ||
| 020 | |a 80-89085-59-8 | ||
| 041 | 0 | |a slo | |
| 044 | |a SK | ||
| 245 | 1 | 0 | |a Analýza finančných trhov |c Božena Hrvoľová a kolektív |
| 250 | |a 2. rozšírené a prepracované vydanie | ||
| 264 | 1 | |a Bratislava |b Sprint |c 2006 | |
| 300 | |a 561 s. | ||
| 610 | 2 | 0 | |a trh finančný |
| 610 | 2 | 0 | |a analýza trhu |
| 610 | 2 | 0 | |a nástroje finančné |
| 610 | 2 | 0 | |a trh peňažný |
| 610 | 2 | 0 | |a papiere cenné |
| 610 | 2 | 0 | |a trh kapitálový |
| 610 | 2 | 0 | |a dlhopisy |
| 610 | 2 | 0 | |a zdaňovanie |
| 610 | 2 | 0 | |a trh devízový |
| 610 | 2 | 0 | |a kovy drahé |
| 610 | 2 | 0 | |a trh poistný |
| 100 | 1 | |a Hrvoľová, Božena | |
| 700 | 1 | |a Ninčáková, Lucia | |
| 700 | 1 | |a Vavrová, Katarína, 1960- | |
| 710 | 2 | |a Ekonomická univerzita v Bratislave | |